Fußball - Alle Länderspiele der Nationalmannschaft 2024 - Statistiken

Allgemein
  • Dieses Quiz wurde 32 mal gespielt
  • Das Durchschnittsergebnis liegt bei 9 aus 15
Antwortstatistiken
Datum Wettbewerb Antwort % Korrekt
23.06. EM Schweiz 1:1
97%
05.07. EM Spanien 1:2
97%
14.06. EM Schottland 5:1
93%
29.06. EM Dänemark 2:0
90%
19.06. EM Ungarn 2:0
87%
23.03. Testspiel Frankreich 2:0
60%
26.03. Testspiel Niederlande 2:1
47%
16.11. Nations League Bosnien-Herzegowina 7:0
43%
03.06. Testspiel Ukraine 0:0
43%
19.11. Nations League Ungarn 1:1
43%
07.06. Testspiel Griechenland 2:1
40%
14.10. Nations League Niederlande 1:0
40%
10.09. Nations League Niederlande 2:2
37%
07.09. Nations League Ungarn 5:0
37%
11.10. Nations League Bosnien-Herzegowina 2:1
27%
Keine übereinstimmenden Quizze gefunden
Verteilung der Resultate
Anzahl Personen mit jedem Resultat
Perzentil nach korrekt beantworteten Fragen
Ihre Resultats-Entwicklung
Sie haben dieses Quiz noch nicht gespielt